000
00267nam a2200097Ia 4500
001
1070868
005
20250827002114.0
008
250824s9999 xx 000 0 und d
245
0
_a
HÜSREVÜ ŞİRİN
_c
AZERİ İBRAHİM ÇELEBİ
260
_b
TÜRK DİL KURUMU YAYINLARI
999
_c
1070868
_d
1070868